| 000 | nam a22 7a 4500 | ||
|---|---|---|---|
| 999 |
_c126590 _d126590 |
||
| 008 | 170808b xxu||||| |||| 00| 0 eng d | ||
| 050 | _aLA1591 | ||
| 100 |
_aZANU (PF) and Chung, Fay _934632 |
||
| 245 |
_aThe New Teacher _bDecolonising the Classroom _cZANU (PF) and Fay Chung |
||
| 260 |
_aHarare _bZIMFEP _c1987 |
||
| 300 |
_aviii, 41p. ; _c21cm. |
||
| 440 |
_aTeaching series _n1 _934633 |
||
| 650 |
_aZimbabwe _xEducation _929050 |
||
| 942 |
_2lcc _cMONOGRAPH |
||